Rozvoj profesijnej pripravenosti zamestnancov poľnohospodárskych podnikov po vstupe do Európskej únie

Problémy rozvoja poľnohospodárstva u nás. Potreba celoživotného vzdelávania. Vzdelávacie aktivity väčšiny poľnohospodárskych podnikov nespĺňajú požiadavky a trendy súčasného vývoja. Príčiny, pre ktoré sa vzdelávanie v poľnohospodárskych podnikoch dostáva na okraj záujmu. Potreba plánovania vzdelávan...

Descripción completa

Guardado en:
Detalles Bibliográficos
Autor principal: Matulčíková, Marta, 1964-
Formato: Capítulo de libro
Lenguaje:eslovaco
Materias:
Etiquetas: Agregar Etiqueta
Sin Etiquetas, Sea el primero en etiquetar este registro!

MARC

LEADER 00000naa$a2200000$$$4500
001 0043222
005 20240502071519.2
041 0 |a slo 
044 |a SK 
245 1 0 |a Rozvoj profesijnej pripravenosti zamestnancov poľnohospodárskych podnikov po vstupe do Európskej únie  |c Marta Matulčíková 
520 |a Problémy rozvoja poľnohospodárstva u nás. Potreba celoživotného vzdelávania. Vzdelávacie aktivity väčšiny poľnohospodárskych podnikov nespĺňajú požiadavky a trendy súčasného vývoja. Príčiny, pre ktoré sa vzdelávanie v poľnohospodárskych podnikoch dostáva na okraj záujmu. Potreba plánovania vzdelávania. Nevyhnutnosť zvyšovania kvalifikačnej pripravenosti zamestnancov. Prieskumom sa zistilo, že vo všetkých analyzovaných poľnohospodárskych podnikoch je zavedený počítačový informačný systém. Nevyhnutnosť vzdelávania, e-learning. 
610 2 0 |a poľnohospodárstvo 
610 2 0 |a podnik poľnohospodársky 
610 2 0 |a zamestnanci 
610 2 0 |a kvalifikácia 
610 2 0 |a vzdelávanie celoživotné 
610 2 0 |a technológie informačné 
610 2 0 |a vzdelávanie elektronické 
610 2 0 |a Slovensko 
610 2 0 |a Európska únia 
100 1 |a Matulčíková, Marta, 1964-